000 002670000a22000970004500
100 1 _aHamilton, Tim
245 1 0 _aSchool's out : Is it all work and no play in a remote Ethiopian community?
300 _aNum. 23 (2003), Páginas 4-9
773 0 _tTeartimes
942 _cANA
999 _c56022
_d56022